Por América y Europa (Record no. 138467)
[ view plain ]
| 000 -LEADER | |
|---|---|
| campo de control de longitud fija | 00461nam a2200157 4500 |
| 001 - NÚMERO DE CONTROL | |
| campo de control | 138467 |
| 003 - IDENTIFICADOR DE NÚMERO DE CONTROL | |
| campo de control | ES-MaACL |
| 005 - FECHA Y HORA DE LA ÚLTIMA TRANSACCIÓN | |
| campo de control | 20230906195554.0 |
| 007 - CAMPO FIJO DE DESCRIPCIÓN FÍSICA--INFORMACIÓN GENERAL | |
| campo de control de longitud fija | t| |
| 008 - DATOS DE LONGITUD FIJA--INFORMACIÓN GENERAL | |
| campo de control de longitud fija | 070214s1911 pe r ||||1| spa d |
| 100 1# - ENTRADA PRINCIPAL--NOMBRE DE PERSONA | |
| Nombre de persona | Sanjuan, Manuela. |
| 9 (RLIN) | 103160 |
| 245 10 - MENCIÓN DEL TÍTULO | |
| Título | Por América y Europa |
| Resto del título | : impresiones de viaje / |
| Mención de responsabilidad, etc. | Manuela Sanjuan. |
| 260 ## - PUBLICACIÓN, DISTRIBUCIÓN, ETC. | |
| Lugar de publicación, distribución, etc. | Lima : |
| Nombre del editor, distribuidor, etc. | [s. n.], |
| Fecha de publicación, distribución, etc. | 1911 ( |
| Fabricante | Imp. de `El Diario`) |
| 300 ## - DESCRIPCIÓN FÍSICA | |
| Extensión | 325, XI p. ; |
| Dimensiones | 20 x 11 cm. |
| 852 ## - LOCALIZACIÓN | |
| Ubicación | ES-MaACL |
| Número de control de estantería | G-8750 |
| Estatus retirado | Estado de pérdida | Estado de daño | No para préstamo | Biblioteca de origen | Biblioteca actual | Ubicación en estantería | Fecha de adquisición | Fuente de adquisición | Total de préstamos | Signatura topográfica completa | Código de barras | Visto por última vez | Precio de reemplazo | Tipo de ítem Koha |
|---|---|---|---|---|---|---|---|---|---|---|---|---|---|---|
| Biblioteca del Ateneo de Madrid | Biblioteca del Ateneo de Madrid | Sala Pecera Planta 3 | 17/01/2008 | G-8750 | 1144085 | 23/02/2023 | 23/02/2023 | Libro impreso |
